Institutional real estate portfolio diversification in Ireland and the UK (Record no. 76744)
[ view plain ]
| 000 -LEADER | |
|---|---|
| fixed length control field | 01339cab a2200217 4500 |
| 001 - CONTROL NUMBER | |
| control field | ##L133020 |
| 008 - FIXED-LENGTH DATA ELEMENTS--GENERAL INFORMATION | |
| fixed length control field | 060403n2006 000 0 eng u |
| 035 ## - SYSTEM CONTROL NUMBER | |
| System control number | (Sirsi) u133020 |
| 041 0# - LANGUAGE CODE | |
| Language code of text/sound track or separate title | eng |
| 100 1# - MAIN ENTRY--PERSONAL NAME | |
| Personal name | McGreal, Stanley |
| 245 00 - TITLE STATEMENT | |
| Title | Institutional real estate portfolio diversification in Ireland and the UK |
| 260 ## - PUBLICATION, DISTRIBUTION, ETC. | |
| Date of publication, distribution, etc. | 2006 |
| 490 #0 - SERIES STATEMENT | |
| Series statement | Journal of Property Investment and Finance |
| Volume/sequential designation | 24(2) 2006, 136-149(15) |
| 520 ## - SUMMARY, ETC. | |
| Summary, etc. | Examines the potential diversification of private real estate investments by creating optimal real estate-only portfolios using total returns, income returns and appreciation returns for office and retail real estate in ten major regional centres in Ireland and the United Kingdom, with the returns being treated as separate asset streams in the modelling of portfolios. The results showed different risk levels, with the income stream carrying low risk, whilst the capital appreciation element is considerably more volatile. Optimal portfolios, whether income, appreciation or total returns, indicate that provincial markets perform well and can replace London in optimised portfolios. |
| 590 ## - LOCAL NOTE (RLIN) | |
| Local note | IKA110406 |
| 690 ## - LOCAL SUBJECT ADDED ENTRY--TOPICAL TERM (OCLC, RLIN) | |
| Topical term or geographic name as entry element | PROPERTY-PROPERTY FINANCE AND INVESTMENT-PROPERTY INVESTMENT APPRAISAL |
| 700 1# - ADDED ENTRY--PERSONAL NAME | |
| Personal name | Adair, Alastair |
| 700 1# - ADDED ENTRY--PERSONAL NAME | |
| Personal name | Berry, James N. |
| 700 1# - ADDED ENTRY--PERSONAL NAME | |
| Personal name | Webb, James R. |
| 942 ## - ADDED ENTRY ELEMENTS (KOHA) | |
| Suppress in OPAC | 0 |
| Withdrawn status | Lost status | Source of classification or shelving scheme | Damaged status | Not for loan | Home library | Current library | Shelving location | Date acquired | Total Checkouts | Full call number | Barcode | Date last seen | Copy number | Price effective from | Koha item type |
|---|---|---|---|---|---|---|---|---|---|---|---|---|---|---|---|
| Dewey Decimal Classification | London | London | Journal article | 03/04/2006 | L133020 | 133020-1001 | 06/08/2019 | 1 | 06/08/2019 | Journal article |